Great italian directors - Statistics

General Stats
  • This quiz has been taken 44 times
  • The average score is 10 of 15
Answer Stats
Hint Answer % Correct
Nights of Cabiria, La Dolce Vita, 8 1/2 Federico Fellini
97%
Bicycle Thieves, Miracle in Milan, Umberto D Vittorio de Sica
97%
The Good the Bad the Ugly, Once Upon a Time in the West, Once Upon a Time in America Sergio Leone
94%
The Conformist, The Spider's Stratagem, Last Tango in Paris Bernardo Bertolucci
86%
L'Avventura, La Notte, Blow Up Michelangelo Antonioni
86%
The Gospel According to Mathew, Theorem, Salò Pier Paolo Pasolini
86%
Suspiria, Profondo Rosso, Opera Dario Argento
83%
Rome Open City, Paisan, Germany Year Zero Roberto Rossellini
81%
Ossessione, The Leopard, Death in Venice Luchino Visconti
78%
Investigation of a Citizen Above Suspicion, The Working Class Goes to Heaven, Property Is No Longer a Theft Elio Petri
50%
The Beyond, Zombie, Don't Torture a Duckling Lucio Fulci
47%
Blood and Black Lace, Black Sabbath, Bay of Blood Mario Bava
44%
Il Sorpasso, Scent of a Woman, Una Vita Dificile Dino Risi
36%
Big Deal on Madonna Street, The Great War, L'Armata Brancaleone Mario Monicelli
28%
Revolver, Faccia a Faccia, The Big Gundown Sergio Sollima
14%
No matching quizzes found
Score Distribution
Percent of People with Each Score
Percentile by Number Answered
Your Score History
You have not taken this quiz